90s Japanese Cars - Statistics

General Stats
  • This quiz has been taken 1,112 times
  • The average score is 8 of 15
Answer Stats
Hint Answer % Correct
Nissan Skyline
91%
Toyota Supra
89%
Mazda RX-7
81%
Subaru Impreza
77%
Mazda Miata
72%
Honda NSX
69%
Nissan 240sx
65%
Acura Integra Type-R
41%
Mistubishi Eclipse
39%
Toyota Celica
38%
Mitsubishi Evolution
38%
Toyota MR-2
31%
Nissan 300zx
24%
Mitsubishi 3000GT
22%
Toyota Soarer
7%
No matching quizzes found
Score Distribution
Percent of People with Each Score
Percentile by Number Answered
Your Score History
You have not taken this quiz